Minecraft Blöcke-B - Statistiken

Allgemein
  • Dieses Quiz wurde 29 mal gespielt
  • Das Durchschnittsergebnis liegt bei 3 aus 21
Antwortstatistiken
Blockieren % Korrekt
Basalt
60%
Bambus
40%
Bienenstock
28%
Bücherregal
20%
Bretter
16%
Barriere
12%
Blätter
12%
Bognertisch
12%
Blaueis
8%
Bruchtiefenschiefer
8%
Bambusmosaik
4%
Befallener Stein
4%
Beobachter
4%
Beschwerte Druckplatte
4%
Blasensäule
4%
Blitzableiter
4%
Blume
4%
Blumentopf
4%
Brüchiges Eis
4%
Bearbeiter Kupferblock
0%
Bemooster Bruschstein
0%
Keine übereinstimmenden Quizze gefunden
Verteilung der Resultate
Anzahl Personen mit jedem Resultat
Perzentil nach korrekt beantworteten Fragen
Ihre Resultats-Entwicklung
Sie haben dieses Quiz noch nicht gespielt